Producción de cine digital /
שמור ב:
| מחבר ראשי: | |
|---|---|
| מחברים אחרים: | |
| פורמט: | ספר |
| שפה: | ספרדית |
| יצא לאור: |
Barcelona, España :
Ma Non Troppo,
2017, c2017
|
| סדרה: | (Taller de Cine Ma Non Troppo)
|
| נושאים: | |
| תגים: |
epld
1
|
MARC
| LEADER | 00000nam^a2200000^a^4500 | ||
|---|---|---|---|
| 001 | 000399925 | ||
| 005 | 20250521000000.0 | ||
| 009 | 20260310121606.427 | ||
| 020 | |a 978-84-946504-9-9 | ||
| 037 | |a Acervo ITESO - Biblioteca | ||
| 041 | |a ESP | ||
| 082 | |a 302. 23516 |b QUI | ||
| 100 | |a Quiles, Arnau |e (autor) | ||
| 245 | 1 | 0 | |a Producción de cine digital / |c A. Quiles, I. Monreal. |
| 264 | 4 | |a Barcelona, España : |b Ma Non Troppo, |c 2017, c2017 | |
| 300 | |a 157 p. | ||
| 336 | |a texto |b txt |2 rdacontenido | ||
| 337 | |a sin mediación |b n |2 rdamedio | ||
| 338 | |a volumen |b nc |2 rdasoporte | ||
| 440 | 1 | |a (Taller de Cine Ma Non Troppo) | |
| 521 | |a 2019 BO Licenciatura en Ciencias de la Comunicación | ||
| 521 | |a 2019 BO Licenciatura en Comunicación y Artes Audiovisuales | ||
| 521 | |a 2019 BO Licenciatura en Periodismo y Comunicación Pública | ||
| 521 | |a 2019 BO Licenciatura en Publicidad y Comunicación Estratégica | ||
| 521 | |a FIL 2017 EEnlace Departamento de Estudios Socioculturales | ||
| 649 | |a XX | ||
| 650 | |a Producción Cinematográfica - |x Tema Principal | ||
| 650 | |a Cine y Video Digital - |x Técnica - |x Tema Principal | ||
| 700 | |a Monreal, Isidre |e (autor) | ||
| 910 | |a Fondo General | ||
| 920 | |a Impresos - Libros | ||
| 930 | |a Colección General | ||
| 905 | |a 101 | ||
| 901 | |a 0500295286 |b IT1 |c ACC |i c157686 |u 20250521 | ||
| 901 | |a 0500328378 |b IT1 |c ACC |i C171536 |u 20250521 | ||
| 901 | |a 0500328171 |b IT1 |c ACC |i C171277 |u 20250521 | ||
| 901 | |a 0500328377 |b IT1 |c ACC |i C171538 |u 20250521 | ||
| 901 | |a 0500328376 |b IT1 |c ACC |i C171537 |u 20250521 | ||
| 902 | |a https://opac.biblio.iteso.mx/vufind/Record/000399925 | ||